000 01496nam0a2200373 4500
001 RU\NLR\bibl\988435
005 20260405112543.0
010 _a5-465-00883-0
_97000
021 _aRU
_b2006-48286
_92398
035 _a(nilc)RSL-KNO-002920429
035 _a(NLR Aleph) 000976282
090 _a430710
_c430710
100 _a20060821d2006 |||y0rusy50 ca
101 1 _arus
_ceng
102 _aRU
105 _aa |||||||||
106 _ar
200 1 _aВопрос и ответ
_iЖивая природа. Организм человека
_eэнциклопедия
_e[для детей сред. и ст. шк. возраста
_fПаркер С., Вильямс Б.
_gпер. с англ.-Т. М. Стальмакова]
210 _aМосква
_cОмега
_d2006
_eТверь
_gТверской полиграфкомбинат детской литературы
215 _a63 с.
_cцв. ил.
_d30
320 _aУказ.: с. 62-63
610 0 _aБиологические науки -- Популярные издания
610 0 _aДетская литература
686 _aЕ.я9
_2rubbk
686 _aШ9:Е.я20(2)
_2rubbk
686 _aШ9
_bЕ
702 1 _4220
_8rus
_7ca
_aПаркер
_bС.
_f1952-
_cпопуляризатор
_gСтив
_3RU\NLR\auth\7743382
_926325
801 0 _aRU
_bРКП
_c20060821
_grcr
801 1 _aRU
_bРГБ
_c20060821
801 2 _aRU
_bNLR
_c20060927
_grcr
942 _cBOOK
980 _aNB